ბათუმის შოთა რუსთაველის სახელმწიფო უნივერსიტეტის ბიბლიოთეკა

საზღვარგარეთის ქვეყნების კონსტიტუციები. ნაწ. 1 : (ბიბ.ჩანაწერი № 63846)

000 -ლიდერი
ფიქსირებული სიგრძის საკონტროლო ველი 01547nam a22002057a 4500
003 - საკონტროლო ნომრის იდენტიფიკატორი
საკონტროლო ველი Ge_BSU
005 - ბოლო ოპერაციის თარიღი და დრო
საკონტროლო ველი 20260203195347.0
008 - ფიქსირებული სიგრძის მონაცემთა ელემენტები - ზოგადი ინფორმაცია
ფიქსირებული სიგრძის საკონტროლო ველი 260203s2008 ge ||||| |||| 00| 0 geo d
020 ## - წიგნის საერთაშორისო სტანდარტული ნომერი
International Standard Book Number 9789941007231
041 ## - ენის კოდი
Language code of text/sound track or separate title geo
080 ## - უნივერსალური ათობითი კლასიფიკაციის ინდექსი
Universal Decimal Classification number 342.4(100) ს-17
245 ## - ცნობა სათაურის შესახებ
Title საზღვარგარეთის ქვეყნების კონსტიტუციები. ნაწ. 1 :
Remainder of title [აშშ, არგენტინა, დანია, იაპონია, ჩეხეთი, მაროკო, კუბა, ლატვია, რუსეთი, სომხეთი, შვეიცარია, ქუვეითი] /
Statement of responsibility, etc შემდგ. ჯგუფის ხელმძღვ. და პმგ რედ. ვასილ გონაშვილი; კავშირი "იურისტები სამართლებრივი სახელმწიფოსთვის".
250 ## - გამოცემის ცნობა
Edition statement (მე-2 გადამუშავებული გამოცემა).
264 ## - წარმოების, გამოცემის, დისტრიბუციის და სხვა ცნობები
გამოცემის, წარმოების, დისტრიბუციის... ადგილი თბილისი,
გამოცემის, წარმოების, დისტრიბუციის... თარიღი 2008.
300 ## - ფიზიკური აღწერა
Extent 683 გვ.;
Other physical details 21 სმ.
653 ## - INDEX TERM--UNCONTROLLED
Uncontrolled term საზღვარგარეთის ქვეყნების კონსტიტუციები
700 ## - ADDED ENTRY--PERSONAL NAME
Personal name გონაშვილი, ვასილ
Relator term შემდგენელი, რედაქტორი.
9 (RLIN) 26799
710 ## - ADDED ENTRY--CORPORATE NAME
Corporate name or jurisdiction name as entry element კავშირი "იურისტები სამართლებრივი სახელმწიფოსთვის"
9 (RLIN) 16832
942 ## - ADDED ENTRY ELEMENTS (KOHA)
Source of classification or shelving scheme
Koha item type წიგნი
ეგზემპლარები
ჩამოწერის სტატუსი დაკარგული ეგზემპლარის სტატუსი კლასიფიკაციის წყარო ან თაროზე გაწყობის სქემა დაზიანების სტატუსი არ გაიცემა მუდმივი მდებარეობა (დაცვის ადგილი) ამჟამინდელი ადგილსამყოფელი თაროზე განთავსების ადგილი შეძენის თარიღი ღირებულება, შესყიდვის ნორმალური ფასი სრული შენახვის შიფრი შტრიხკოდი ბოლო ოპერაციის თარიღი ეგზემპლარის მიმდევრობითი ნომერი (კეტერი?) ფასის ძალაში შესვლის თარიღი ეგზემპლარის სახეობა საჯარო შენიშვნა
          ბათუმის შოთა რუსთაველის სახელმწიფო უნივერსიტეტის მთავარი ბიბლიოთეკა ბათუმის შოთა რუსთაველის სახელმწიფო უნივერსიტეტის მთავარი ბიბლიოთეკა წიგნსაცავი 2026-02-03 10.00 342.4(100) ს-17 73654 2026-02-03 73654 2026-02-03 წიგნი 10 ლ.